Boston Red Sox 2025 Roster - Statistics

General Stats
  • This quiz has been taken 42 times
    22 since last reset
  • The average score is 29 of 46
Answer Stats
Jersey # Player % Correct
75 Carlos Narvaez
100%
16 Jarren Duran
100%
10 Trevor Story
100%
52 Wilyer Abreu
100%
44 Aroldis Chapman
92%
66 Brayan Bello
92%
3 Cedanne Rafaela
92%
12 Connor Wong
92%
35 Garrett Crochet
92%
28 Kristian Campbell
92%
39 Marcelo Mayer
92%
30 Rob Refsnyder
92%
19 Roman Anthony
92%
36 Triston Casas
92%
2 Alex Bregman
83%
22 Garrett Whitlock
83%
57 Greg Weissert
83%
48 Isaiah Campbell
83%
7 Masataka Yoshida
83%
11 Rafael Devers
83%
23 Romy Gonzalez
83%
89 Tanner Houck
83%
73 Hunter Dobbins
75%
0 Walker Buehler
75%
29 Abraham Toro
67%
54 Lucas Giolito
67%
83 Brennan Bernardino
58%
17 David Hamilton
58%
63 Justin Slaten
58%
40 Nate Eaton
58%
80 Richard Fitts
58%
46 Jordan Hicks
50%
32 Justin Wilson
50%
20 Nick Sogard
50%
64 Cooper Criswell
33%
71 Jorge Alcala
33%
76 Zack Kelly
33%
18 Blake Sabol
17%
72 Chris Murphy
17%
25 Josh Winckowski
17%
31 Liam Hendriks
17%
99 Luis Guerrero
17%
51 Michael Fulmer
8%
68 Nick Burdi
8%
79 Robert Stock
8%
19 Sean Newcomb
8%
No matching quizzes found
Score Distribution
Percent of People with Each Score
Percentile by Number Answered
Your Score History
You have not taken this quiz since the last reset